Word Ladder: It's Only Reasonable Quiz Stats

 Plays Quiz Updated Jul 22, 2019

Score 0/10 Timer 01:00
0 Plays Today
Hint 4-Letter Word % Correct
Shopping centerMALL
97.8%
Post office specialtyMAIL
96.5%
Frozen precipitationHAIL
95.4%
A bird you can find near the beachGULL
93.5%
To think over carefullyMULL
92.8%
Strands on one's headHAIR
91.6%
Audacious behavior (or a bladder in humans)GALL
88%
A particularly strong windGALE
86%
Okay to claim as your own: [Rung 1] _____
Or: Monopoly or chess
• GAME •
79.3%
Okay to claim as your own: _____ [Rung 10]
Or: The area between foul poles
• FAIR •
70%

Today's Daily Dose

Missing Word
Entertainment 'R'

Word Ladder
Autumnal Things

Quick Pick
Autumn Things

Get the Picture
Rocky or Rambo?

You're not logged in!

Compare scores with friends on all Sporcle quizzes.
OR
Log In

Show Comments

Extras

Top Quizzes Today


Score Distribution

Your Account Isn't Verified!

In order to create a playlist on Sporcle, you need to verify the email address you used during registration. Go to your Sporcle Settings to finish the process.

Report this User

Report this user for behavior that violates our Community Guidelines.

Details: